Les arts du XIXe siècle - Statistiques

Statistiques générales
  • Ce quiz a été pris 31 fois
  • Le résultat moyen est 4 sur 5
Statistiques - réponses
Art % Correct
Peinture
100%
Sculpture
86%
Musique
66%
Architecture
55%
Poésie
45%
Aucun quiz correspondant
Distribution des résultats
% des personnes avec chaque résultat
Percentile par nombre de réponses
Votre historique - résultats
Vous n’avez pas pris ce quiz